Exposición de arte contemporáneo catalán en Gerona
Publicado:
San Jorge, núm. 98 - 99 (desembre 1976), pàg 83 :
Materias:
Art modern -- Segle XXI -- Girona
MARC
| LEADER | 00000nam a2200000Ia 4500 | ||
|---|---|---|---|
| 001 | |||
| 008 | 160829s9999 xx 000 0 cat d | ||
| 245 | |a Exposición de arte contemporáneo catalán en Gerona | ||
| 260 | |a San Jorge, núm. 98 - 99 (desembre 1976), pàg 83 | ||
| 650 | |a Art modern |x Segle XXI |x Girona |9 41063 | ||
| 901 | |a Arxiu | ||
| 942 | |n 1 | ||
| 952 | |0 0 |1 0 |4 0 |7 1 |9 50021 |a Arxiu |b Arxiu |d 2016-12-01 |l 0 |r 2016-12-01 00:00:00 |w 2016-12-01 |y ARXIU | ||
| 999 | |c 53863 |d 53863 | ||